| 000 | 00426nam a2200169Ia 4500 | ||
|---|---|---|---|
| 003 | 0STCL | ||
| 005 | 20230614125754.0 | ||
| 008 | 150530s9999 xx 000 0 und d | ||
| 040 |
_aSTCL _cSTCL |
||
| 100 |
_aHardy _qThomas Hardy |
||
| 245 | _aTess of the d'Urbervilles: A Pure Woman | ||
| 246 | _aTess of the dUrbervilles: A Pure Woman | ||
| 260 |
_bHardy _c1969 |
||
| 546 | _aEnglish | ||
| 942 |
_2ddc _cBK |
||
| 999 |
_c58901 _d58901 |
||